| 000 | 00526nam a2200145Ia 4500 | ||
|---|---|---|---|
| 008 | 100122s9999 xx 000 0 und d | ||
| 082 |
_b47837 _a927.92 |
||
| 100 | _aपेंढारकर श्रीकांत | ||
| 245 | _aबाबुराव नावाचे झुंबर | ||
| 260 |
_bमोरया प्रकाशन _c1990 |
||
| 300 | _a381 | ||
| 630 | _aबाबुराव नावाचे झुंबर | ||
| 730 | _aबाबुराव नावाचे झुंबर | ||
| 942 | _cBOOK | ||
| 999 |
_c426600 _d426597 |
||